[Event "Cologne Longerich op 3rd"]
[Site "Cologne"]
[Date "2004.07.10"]
[Round "3"]
[White "Metul, Anton"]
[Black "Grabowski, Johann"]
[Result "0-1"]
[WhiteElo "1409"]
[BlackElo "1780"]
[PlyCount "126"]
[EventDate "2004.06.26"]
[EventType "swiss"]
[EventRounds "7"]
[EventCountry "GER"]
[SourceTitle "EXT 2006"]
[Source "ChessBase"]
[SourceDate "2005.11.24"]
[SourceVersion "1"]
[SourceVersionDate "2005.11.24"]
[SourceQuality "1"]

1. e4 c5 2. Nf3 Nc6 3. Bc4 e6 4. a3 Nf6 5. d3 Be7 6. Nc3 d6 7. h3 a6 8. Rb1 b5 9. Ba2 Bb7 10. 0-0 Rc8 11. Ne2 0-0 12. Bg5 Nd7 13. Bxe7 Qxe7 14. c3 Nb6 15. Qd2 h6 16. Qf4 Kh7 17. Rfd1 Rce8 18. Ng3 Bc8 19. Nh5 e5 20. Qe3 f5 21. exf5 Bxf5 22. Ng3 Bg6 23. Rbc1 Nd7 24. Ne4 Ncb8 25. h4 Bh5 26. Ned2 Nf6 27. Re1 Qd7 28. Nh2 Bg6 29. f3 Qc7 30. Ne4 Nbd7 31. g4 d5 32. Nxf6+ Nxf6 33. g5 d4 34. cxd4 exd4 35. Qf2 Nh5 36. Rxe8 Rxe8 37. Re1 Rxe1+ 38. Qxe1 Qg3+ 39. Qxg3 Nxg3 40. gxh6 gxh6 41. Bb1 Nf5 42. Ng4 Nxh4 43. Kf2 Bf5 44. Ne5 Ng6 45. Nf7 Kg7 46. Nd6 Kf6 47. Kg3 Ne5 48. Ne4+ Bxe4 49. fxe4 c4 50. dxc4 bxc4 51. Kf4 d3 52. Ke3 h5 53. Kf4 h4 54. a4 h3 55. Kg3 d2 56. Bc2 Nd3 57. b3 c3 58. Kxh3 d1Q 59. Bxd1 Nf2+ 60. Kg3 Nxd1 61. Kf4 c2 62. e5+ Ke6 63. Ke4 c1Q 0-1

[Event "Cologne Longerich op 2nd"]
[Site "Cologne"]
[Date "2003.??.??"]
[Round "3"]
[White "Metul, Anton"]
[Black "Behr, Ludwig"]
[Result "1-0"]
[WhiteElo "1374"]
[BlackElo "1359"]
[PlyCount "87"]
[EventDate "2003.06.??"]
[EventType "swiss"]
[EventRounds "7"]
[EventCountry "GER"]
[SourceTitle "EXT 2004"]
[Source "ChessBase"]
[SourceDate "2003.11.25"]
[SourceVersion "1"]
[SourceVersionDate "2003.11.25"]
[SourceQuality "1"]

1. d4 Nf6 2. Nf3 e6 3. c3 d5 4. e3 c5 5. dxc5 Bxc5 6. Nbd2 0-0 7. Bd3 Nc6 8. Bc2 b5 9. Nd4 Bxd4 10. exd4 b4 11. Nf3 Ba6 12. Bd3 Bxd3 13. Qxd3 bxc3 14. bxc3 Ne4 15. 0-0 Rb8 16. Nd2 Nf6 17. Nb3 Qc7 18. Ba3 Rfe8 19. f4 Ne4 20. Rf3 Na5 21. Nc5 Nxc5 22. Bxc5 Nc4 23. a3 Rb2 24. Rd1 Rb3 25. Rc1 Nxa3 26. Ra1 Nb5 27. Qc2 Ra3 28. Rxa3 Nxa3 29. Qa4 Rb8 30. Qxa3 Rb1+ 31. Kf2 Qb7 32. Kg3 h5 33. Qxa7 Qc8 34. Bb4 Rh1 35. Qc5 Qb8 36. Qd6 Qc8 37. Bc5 f5 38. Qe7 Ra1 39. Kh3 Kh7 40. Rg3 Qg8 41. Bd6 Ra8 42. Be5 Re8 43. Rxg7+ Kh6 44. Qg5# 1-0

[Event "Cologne Longerich op 2nd"]
[Site "Cologne"]
[Date "2003.??.??"]
[Round "6"]
[White "Van Eckeren, Andreas"]
[Black "Metul, Anton"]
[Result "0-1"]
[WhiteElo "1112"]
[BlackElo "1374"]
[PlyCount "102"]
[EventDate "2003.06.??"]
[EventType "swiss"]
[EventRounds "7"]
[EventCountry "GER"]
[SourceTitle "EXT 2004"]
[Source "ChessBase"]
[SourceDate "2003.11.25"]
[SourceVersion "1"]
[SourceVersionDate "2003.11.25"]
[SourceQuality "1"]

1. e4 c5 2. f4 Nc6 3. Nf3 d5 4. exd5 Qxd5 5. Nc3 Qd8 6. Be2 Nf6 7. h3 a6 8. d3 b5 9. a3 Bb7 10. Be3 e6 11. Bf2 Nd4 12. Bxd4 cxd4 13. Na2 Bc5 14. Qd2 Nd5 15. Rg1 Rc8 16. g4 Ne3 17. c3 dxc3 18. Nxc3 Bb6 19. Rg3 Qd6 20. Ne5 Qd4 21. g5 Qxf4 22. Rg4 Qxe5 23. d4 Ng2+ 24. Rxg2 Bxd4 25. Rg4 Bxc3 26. bxc3 Qxc3 27. Qxc3 Rxc3 28. Rd4 Rxh3 29. Rad1 Rh1+ 30. Bf1 Bd5 31. Kf2 Ke7 32. Re1 Kd6 33. Kg3 Rc8 34. Kg4 g6 35. a4 Rb8 36. Rb1 Kc5 37. Rdb4 Rg1+ 38. Kf4 Kd6 39. axb5 axb5 40. Ra1 e5+ 41. Ke3 Rxg5 42. Ra6+ Kc5 43. Rb1 Rg3+ 44. Kf2 Rf3+ 45. Ke1 Rf4 46. Ra5 Bc4 47. Rc1 Rxf1+ 48. Kd2 Rxc1 49. Kxc1 e4 50. Ra7 Re8 51. Rxf7 Bxf7 0-1